00320nam a2200121Ia 4500008004000000041000800040082001100048100003800059245003900097260004000136300001400176440000800190210210b1899 xxu||||| |||| 00| 0 eng d aeng a040/55 aGARNETT (Richard) and Others. Ed. aUniversal anthology. Vol.7 and 8. aNew YorkbThe Grolier Societyc1899 axxiii,404 a7,8